20 rivières qui traversent l'Hérault - Statistiques

Statistiques générales
  • Ce quiz a été pris 16 fois
  • Le résultat moyen est 6 sur 20
Statistiques - réponses
Bassin versant Principales localités Longueur Rivière % Correct
Lez Castelnau le Lez, Montpellier 29,6 km Lez
100%
Hérault Ganges, Pézénas, Agde 147,6 km Hérault
88%
Orb Bédarieux, Béziers, Sérignan 135,6 km Orb
81%
Aude Olonzac, Lespignan 223,6 km Aude
63%
Libron Vias 43,9 km Libron
50%
Vidourle Lunel, Marsillargues 95,2 km Vidourle
44%
Garonne Fraisse, La Salvetat 194,4 km Agout
31%
Lez Montpellier 37,6 km Mosson
31%
Hérault Saint Maurice Navacelles, Cazilhac 57,8 km Vis
19%
Orb Saint Gervais, Hérépian 29,5 km Mare
13%
Aude Minerve 53,6 km Cesse
6%
Orb Saint Pons de Thomières 30 km Jaur
6%
Hérault Lodève, Clermont l'Hérault 44,9 km Lergue
6%
Orb Puisserguier, Maraussan 29,6 km Lirou
6%
Hérault Roujan, Pézénas 32,9 km Peyne
6%
Hérault Montblanc, Saint Thibéry 33,4 km Thongue
6%
Garonne Verreries de Moussans 61,7 km Thoré
6%
Garonne La Salvetat 31,2 km Vèbre
6%
Garonne Le Soulié 55,7 km Arn
0%
Garonne Castanet le Haut 86,8 km Dourdou de Camarès
0%
Aucun quiz correspondant
Distribution des résultats
% des personnes avec chaque résultat
Percentile par nombre de réponses
Votre historique - résultats
Vous n’avez pas pris ce quiz